Distribution par images - Les Bronzés font du ski - Statistiques

Statistiques générales
  • Ce quiz a été pris 231 fois
  • Le résultat moyen est 7 sur 9
Statistiques - réponses
Par images Hint Réponse % Correct
Jean-Claude Dusse Michel Blanc
96%
Jérôme Tarayre Christian Clavier
95%
Robert Lespinasse Thierry Lhermitte
92%
Bernard Morin Gérard Jugnot
89%
Gisèle André Marie-Anne Chazel
85%
Nathalie Morin Josiane Balasko
84%
Christiane Dominique Lavanant
57%
Gilbert Seldman Bruno Moynot
34%
Marius Franceschini Maurice Chevit
17%
Aucun quiz correspondant
Distribution des résultats
% des personnes avec chaque résultat
Percentile par nombre de réponses
Votre historique - résultats
Vous n’avez pas pris ce quiz